| 000 | 00905nam a2200277 a 4500 | ||
|---|---|---|---|
| 999 |
_c5014 _d5014 |
||
| 001 | 1584447 | ||
| 003 | OSt | ||
| 005 | 20181219135517.0 | ||
| 008 | 930320s1989 okua 000 0 eng | ||
| 010 | _a 93129094 | ||
| 020 | _a0892745789 | ||
| 040 |
_aDLC _cDLC |
||
| 050 | 0 | 0 |
_aBX8762.Z6 _bW54 1989 |
| 082 | 0 | 0 |
_a252 _220 _bL693C |
| 100 | 1 |
_aWigglesworth, Smith, _d1859-1947. |
|
| 245 | 1 | 0 |
_aCry of the spirit / _c[collected and edited] by Roberts Liardon. |
| 260 |
_aTulsa, Okla. : _bHarrison House, _cc1989. |
||
| 300 |
_a157 p. : _bill. ; _c22 cm. |
||
| 500 | _a"Unpublished sermons by Smith Wigglesworth"--Cover. | ||
| 650 | 0 |
_aPentecostal churches _xSermons. |
|
| 650 | 0 | _aSermons, English. | |
| 700 | 1 | _aLiardon, Roberts. | |
| 906 |
_a7 _bcbc _corignew _d3 _encip _f19 _gy-gencatlg |
||
| 942 |
_2ddc _cBK |
||